000 002610000a22001210004500
003 MACL
040 _aMACL
090 _c7398
_d7397
245 _aThe Hamlyn Children's Encyclopedia
260 _bHamlyn
_c1972
650 _aChildren's Books
942 _cBOOK
_k741.642
999 _c7350
_d7350